<?xml version="1.0" encoding="UTF-8"?>
<record
    xmlns:xsi="http://www.w3.org/2001/XMLSchema-instance"
    xsi:schemaLocation="http://www.loc.gov/MARC21/slim http://www.loc.gov/standards/marcxml/schema/MARC21slim.xsd"
    xmlns="http://www.loc.gov/MARC21/slim">

  <leader>03175nam a2200445Ii 4500</leader>
  <controlfield tag="001">DIGSLX1608</controlfield>
  <controlfield tag="003">NyNyDIG</controlfield>
  <controlfield tag="006">m     o  d        </controlfield>
  <controlfield tag="007">cr |||||||||||</controlfield>
  <controlfield tag="008">130401s2012    sp a    ob    000 0bspa d</controlfield>
  <datafield tag="035" ind1=" " ind2=" ">
    <subfield code="a">(OCoLC)896831550</subfield>
  </datafield>
  <datafield tag="020" ind1=" " ind2=" ">
    <subfield code="z">8477377251</subfield>
  </datafield>
  <datafield tag="020" ind1=" " ind2=" ">
    <subfield code="z">9788477377252</subfield>
  </datafield>
  <datafield tag="040" ind1=" " ind2=" ">
    <subfield code="a">DGITA</subfield>
    <subfield code="b">eng</subfield>
    <subfield code="e">pn</subfield>
    <subfield code="c">DGITA</subfield>
  </datafield>
  <datafield tag="043" ind1=" " ind2=" ">
    <subfield code="a">e-sp---</subfield>
  </datafield>
  <datafield tag="050" ind1="1" ind2="4">
    <subfield code="a">DP140 eBook</subfield>
  </datafield>
  <datafield tag="245" ind1="0" ind2="0">
    <subfield code="a">Fernando III, tiempo de cruzada /</subfield>
    <subfield code="c">Carlos de Ayala Mart&#xED;nez, Mart&#xED;n R&#xED;os Saloma (eds.).</subfield>
  </datafield>
  <datafield tag="264" ind1=" " ind2="1">
    <subfield code="a">Madrid :</subfield>
    <subfield code="b">S&#xED;lex,</subfield>
    <subfield code="c">c2012.</subfield>
  </datafield>
  <datafield tag="250" ind1=" " ind2=" ">
    <subfield code="a">1. ed.</subfield>
  </datafield>
  <datafield tag="300" ind1=" " ind2=" ">
    <subfield code="a">1 online resource (518 pages) :</subfield>
    <subfield code="b">ill.</subfield>
  </datafield>
  <datafield tag="336" ind1=" " ind2=" ">
    <subfield code="a">text</subfield>
    <subfield code="b">txt</subfield>
    <subfield code="2">rdacontent</subfield>
  </datafield>
  <datafield tag="337" ind1=" " ind2=" ">
    <subfield code="a">computer</subfield>
    <subfield code="b">c</subfield>
    <subfield code="2">rdamedia</subfield>
  </datafield>
  <datafield tag="338" ind1=" " ind2=" ">
    <subfield code="a">online resource</subfield>
    <subfield code="b">cr</subfield>
    <subfield code="2">rdacarrier</subfield>
  </datafield>
  <datafield tag="490" ind1="1" ind2=" ">
    <subfield code="a">Serie Historia medieval</subfield>
  </datafield>
  <datafield tag="504" ind1=" " ind2=" ">
    <subfield code="a">Includes bibliographical references (p. 507-518).</subfield>
  </datafield>
  <datafield tag="505" ind1="0" ind2=" ">
    <subfield code="a">Presentaci&#xF3;n -- 1. Fernando III: figura, significado y contexto en tiempo de cruzada / Carlos de Ayala Mart&#xED;nez -- 2. La Orden de Calatrava en tiempos de Fernando III / Enrique Rodr&#xED;guez-Picavea -- 3. "Muy noble, et mucho alto et mucho honrado". La construcci&#xF3;n de la imagen de Fernando III / Laura Fern&#xE1;ndez Fern&#xE1;ndez -- 4. La canciller&#xED;a regia en &#xE9;poca de Fernando III: ideolog&#xED;a, discurso y pr&#xE1;ctica / H&#xE9;l&#xE8;ne Sirantoine -- 5. Caballeros y caballer&#xED;a en tiempos de Fernando III / David Porrinas -- 6. Imagen e identidad del musulm&#xE1;n en tiempos de Fernando III. El enemigo desde la perspectiva cruzada / J. Santiago Palacios Ontalva -- 7. &#xBF;Existieron ej&#xE9;rcitos cruzados en la &#xE9;poca de Fernando III? / Jos&#xE9; Manuel Rodr&#xED;guez Garc&#xED;a -- 8. Intereses cruzados de la monarqu&#xED;a navarra en el siglo xiii (1194-1270) / Ferm&#xED;n Miranda Garc&#xED;a -- 9. Las &#xD3;rdenes militares en el discurso cron&#xED;stico castellano-leon&#xE9;s en &#xE9;poca de Fernando III / Philippe Josserand1* -- 10. Los hospitalarios castellanos en la &#xE9;poca de Fernando III (1217-1252) / Carlos Barquero Go&#xF1;i -- 11. La pol&#xED;tica respecto al musulm&#xE1;n sometido y las limitaciones pr&#xE1;cticas de la cruzada en tiempos de Fernando III (1199-1252) / Ana Echevarr&#xED;a -- 12. La ideolog&#xED;a asturiana y la historiograf&#xED;a en &#xE9;poca de Fernando III / Alexander Pierre Bronisch -- 13. Fernando III o la santidad forzada / Ariel Guiance -- 14. La canonizaci&#xF3;n de san Fernando y sus consecuencias en Nueva Espa&#xF1;a / Antonio Rubial Garc&#xED;a -- 15. La figura de Fernando III en la historiograf&#xED;a moderna y contempor&#xE1;nea / Mart&#xED;n R&#xED;os Saloma.</subfield>
  </datafield>
  <datafield tag="600" ind1="0" ind2="0">
    <subfield code="a">Fernando</subfield>
    <subfield code="b">III,</subfield>
    <subfield code="c">King of Castile and Leon,</subfield>
    <subfield code="d">1199?-1252.</subfield>
  </datafield>
  <datafield tag="651" ind1=" " ind2="0">
    <subfield code="a">Castile (Spain)</subfield>
    <subfield code="x">History</subfield>
    <subfield code="y">Ferdinand III, 1217-1252.</subfield>
  </datafield>
  <datafield tag="651" ind1=" " ind2="0">
    <subfield code="a">Castile (Spain)</subfield>
    <subfield code="x">Territorial expansion.</subfield>
  </datafield>
  <datafield tag="651" ind1=" " ind2="0">
    <subfield code="a">Spain</subfield>
    <subfield code="x">Kings and rulers</subfield>
    <subfield code="v">Biography.</subfield>
  </datafield>
  <datafield tag="655" ind1=" " ind2="0">
    <subfield code="a">Electronic books.</subfield>
  </datafield>
  <datafield tag="700" ind1="1" ind2=" ">
    <subfield code="a">Ayala Mart&#xED;nez, Carlos de.</subfield>
  </datafield>
  <datafield tag="700" ind1="1" ind2=" ">
    <subfield code="a">R&#xED;os Saloma, Mart&#xED;n F.</subfield>
    <subfield code="q">(Mart&#xED;n Federico)</subfield>
  </datafield>
  <datafield tag="791" ind1="2" ind2=" ">
    <subfield code="a">Digitalia (Firm),</subfield>
    <subfield code="e">distributor.</subfield>
  </datafield>
  <datafield tag="830" ind1=" " ind2="0">
    <subfield code="a">Serie Historia medieval (S&#xED;lex (Firm : Madrid, Spain))</subfield>
  </datafield>
  <datafield tag="793" ind1="0" ind2=" ">
    <subfield code="g">Digitalia eBook Collection:</subfield>
    <subfield code="a">S&#xED;lex.</subfield>
  </datafield>
  <datafield tag="856" ind1="4" ind2="0">
    <subfield code="3">Digitalia Hisp&#xE1;nica</subfield>
    <subfield code="u">https://www.digitaliapublishing.com/a/18981/</subfield>
  </datafield>
  <datafield tag="910" ind1=" " ind2=" ">
    <subfield code="a">Premium Collection: 2007-2012</subfield>
  </datafield>
  <datafield tag="942" ind1=" " ind2=" ">
    <subfield code="c">RAA</subfield>
  </datafield>
  <datafield tag="952" ind1=" " ind2=" ">
    <subfield code="0">0</subfield>
    <subfield code="1">0</subfield>
    <subfield code="4">0</subfield>
    <subfield code="7">0</subfield>
    <subfield code="8">DEH</subfield>
    <subfield code="a">BD-UIN</subfield>
    <subfield code="b">BD-UIN</subfield>
    <subfield code="d">2025-04-25</subfield>
    <subfield code="l">0</subfield>
    <subfield code="r">2025-04-25</subfield>
    <subfield code="w">2025-04-25</subfield>
    <subfield code="y">RAA</subfield>
  </datafield>
  <datafield tag="999" ind1=" " ind2=" ">
    <subfield code="c">236204</subfield>
    <subfield code="d">236204</subfield>
  </datafield>
</record>
